000 01176cam a2200229 4500
001 WB3931-04
008 030820n2003 000 0 eng u
035 _a(Sirsi) u123311
245 _aNew Scottish school design guidance
260 _c2003
490 _aScottish Executive News Release
_v(SEED263/2003) 20 August 2003 (2)
520 _aNew guidance on Scottish school design has been launched. The guidance advocates that schools should be civic buildings with public presence, made from sustainable, environmentally friendly materials. They should be fully accessible, naturally lit and ventilated, surrounded by attractive outdoor spaces and designed for community and out-of-hours use. They must be flexible enough to encompass pupil numbers change. The guidance is available at https://www.scotland.gov.uk/library5/education/sesd-00.asp http://www.scotland.gov.uk/pages/news/2003/08/SEED263.aspx
590 _aWB
650 _aSCHOOLS
650 _aSCOTLAND
650 _aDESIGN GUIDANCE
650 _aACCESSIBLE BUILDINGS
650 _aNATURAL VENTILATION
650 _aNATURAL LIGHTING
690 _aBUILT ENVIRONMENT-CONSTRUCTION DESIGN
942 _n0
999 _c73247
_d73247